| 000 | 00945 am a2200289ua 4500 | ||
|---|---|---|---|
| 001 | 012627379 | ||
| 005 | 20140302114040.0 | ||
| 008 | 961216r19961997xxk grb2 001 0 eng d | ||
| 020 | _a0434002828 (cased) | ||
| 020 | _a043400426X (pbk) | ||
| 020 | _a9780434002825 | ||
| 040 |
_aWlAbNL _dUk |
||
| 082 | 0 | 4 |
_a658.001 _222 _bMIC |
| 100 | 1 |
_aMicklethwait, John _935091 |
|
| 245 | 1 | 4 |
_aThe witch doctors : _bwhat the management gurus are saying, why it matters and how to make sense of it / _cJohn Micklethwait, Adrian Wooldridge. |
| 250 |
_a1st ed., _breprinted. |
||
| 260 |
_aLondon : _bHeinemann, _c1996. |
||
| 300 |
_a404 p. ; _c25 cm. |
||
| 500 | _aIndex : p. 395-404. | ||
| 500 | _aReprint of the 1996 ed. | ||
| 504 | _aBibliography : p. 387-393. | ||
| 650 | 0 |
_aManagement _xPhilosophy _935092 |
|
| 653 |
_bBUSADM _cFebruary2014 |
||
| 655 |
_vreading book _934232 |
||
| 700 | 1 |
_aWooldridge, Adrian _935093 |
|
| 942 |
_2ddc _k658.001 MIC |
||
| 999 |
_c18038 _d18010 |
||